| 000 | 00451nam a22001817a 4500 | ||
|---|---|---|---|
| 005 | 20230706092853.0 | ||
| 008 | 230706b |||||||| |||| 00| 0 eng d | ||
| 020 | _a9780201522341 | ||
| 082 |
_a005.4469 _bWES-W |
||
| 100 | _aWestwater:Raymond | ||
| 245 | _aWRITING OS/2 DEVICE DRIVERS | ||
| 260 |
_aCanada _bAddison-Wesley _c1989 |
||
| 300 | _a516 | ||
| 500 | _aINCLUDE INDEX | ||
| 650 | _aComputer | ||
| 700 | _aRaymond Westwater | ||
| 999 |
_c18846 _d18846 |
||